|
|
|
|
| LEADER |
00000nam a22000000i 4500 |
| 001 |
vtls009753958 |
| 003 |
SK-MaSNL |
| 005 |
20260301130226.0 |
| 008 |
240130s1998 xo r 00 slo |
| 035 |
|
|
|a (SVKBBclas03)vtls000127612
|
| 040 |
|
|
|a SNK
|b slo
|c SNK
|e AACR2
|
| 041 |
1 |
|
|a slo
|
| 044 |
|
|
|a xo
|c SK
|
| 046 |
|
|
|a m
|m 199810 (účin.)
|n 201205
|
| 084 |
|
|
|a 29.060.20
|2 ICS
|
| 245 |
0 |
0 |
|a STN 34 7410-12: 1998 (HD 21.12 S1) [neplatná], Káble a vodiče izolované PVC na menovité napätie do 450/750 V vrátane
|n Časť 12
|p Teplovzdorné ohybné káble (šnúry)
|
| 260 |
|
|
|a Bratislava
|b Slovenský ústav technickej normalizácie
|c 1998
|
| 300 |
|
|
|a 16 s.
|b tab.
|
| 500 |
|
|
|a Norma je nahradená anglickou verziou normy STN EN 50525-2-11 z októbra 2011, ktorú nahradila slovenská verzia normy STN EN 50525-2-11 z mája 2012 v celom rozsahu
|
| 500 |
|
|
|a Spracovteľ: VÚKI Bratislava a.s., Edita Karailievová
|
| 520 |
8 |
|
|a Norma je identická s harmonizačným dokumentom HD 21.12 S1: 1994
|
| 700 |
1 |
|
|a Karailievová, Edita
|4 trl
|9 314501
|
| 710 |
2 |
|
|a Výskumný ústav káblov a izolantov (Bratislava, Slovensko)
|4 stn
|9 33968
|
| 710 |
1 |
|
|a Slovensko.
|b Úrad pre normalizáciu, metrológiu a skúšobníctvo.
|b Slovenský ústav technickej normalizácie
|4 schvaľ.
|9 158115
|
| 774 |
1 |
8 |
|t STN EN 50525-2-11: 2012
|d Bratislava: Slovenský ústav technickej normalizácie, 2012
|w vtls010356683
|
| 852 |
|
|
|a Štátna vedecká knižnica v Banskej Bystrici
|
| 999 |
|
|
|c 744779
|d 746709
|
| 952 |
|
|
|t P60, <03>, [BOOK], {603}
|a SNK
|b SNK
|y PREZ
|7 0
|p 17A0179865
|o snkSTN 34 7410-12
|i snkN 495/99
|0 0
|1 0
|4 0
|d 1999-02-02
|l 0
|r 2005-01-02 00:00:00
|w 2026-02-23
|
| 952 |
|
|
|t P60, <04>, [BOOK], {604}
|a SNK
|b SNK
|y VYP
|7 0
|p 17A0179866
|o snkSTN 34 7410-12 D1
|i snkN 496/99
|0 0
|1 0
|4 0
|d 1999-02-02
|l 0
|r 2005-01-02 00:00:00
|w 2026-02-23
|